| 000 | 00595nam a22001937a 4500 | ||
|---|---|---|---|
| 005 | 20251108175242.0 | ||
| 008 | 250721s2008 xx 000 0 ara d | ||
| 082 | 1 | 4 | _aق/كام |
| 100 | 1 | _aكامل، مجدي | |
| 245 | 1 | 0 | _aحرب الجواسيس في القرن ال21 : قصص من الواقع أغرب من الخيال / |
| 264 | 1 |
_aالقاهرة : _bدار الكتاب العربي، _c2008. |
|
| 300 | _a344ص. | ||
| 650 | 1 | 7 | _aالتاريخ |
| 650 | 1 | 7 | _aالجاسوسية |
| 650 | 1 | 7 | _aالمخابرات |
| 650 | 1 | 7 | _aالقصص |
| 942 |
_2ddc _cBK |
||
| 999 |
_c129768 _d129768 |
||